000 01857nam a2200301 a 4500
001 000014797
005 20240530073933.0
008 100122s2006 dr ac 001 0dspa d
020 _a9945405446
040 _aDO-SdBNP
_bspa
_cBNPHU
082 _a809.13543
_bC355v
100 1 _aCastro Ventura, Santiago,
_d1949-
_9775
245 1 3 _aLa vorágine del amor en los poetas /
_cSantiago Castro Ventura.
260 _aSanto Domingo :
_bManatí,
_c2006.
300 _a257 p. :
_bil. ;
_c23 cm.
500 _aIncluye datos biográficos del autor en las contracubierta.
504 _aIncluye bibliografía y notas al pie de páginas.
504 _aBibliografía: p.241-249.
505 0 _gPrólogo /
_rPablo Pascual Báez --
_gIntroducción --
_tHumano y poeta --
_tGustavo Adolfo Bécquer: ¿Amor anhelado? --
_tRosario La De Acuña: ¡El talismán de los poetas! --
_tEugenio Perdomo: ¡Amor ante el patíbulo! --
_tJosé Martí: ¡El intenso vivir! --
_tRubén Darío: ¡Venturas y desventuras!
_tJosé Asunción Silva: ¿Misteriosa fidelidad? --
_tJulián del Casal: ¿Incógnitas afectivas? --
_tEduardo Scalan: ¡Catástrofe adulterina! --
_tDelmira Agustini: ¡Inefable holocausto! --
_tAntonio Machado: ¡Aflicciones del amor! --
_tLeopoldo Lugones: ¿Aventura en la decadencia? --
_tGabriela Mistral: ¿Frustración de amor? --
_tPablo Neruda: ¡Memorias de amor! --
_gComentarios --
_gConclusiones --
_tBibliografía consultada --
_tÍndice onomástico.
590 _aInventariado, 2018/ YL
650 4 _aPoetas hispanoamericanos
_xCrítica e interpretación
_933533
650 4 _aAmor en la literatura
_922842
650 4 _aPoesía amorosa
_xHistoria y crítica
_933534
650 0 _aEnsayos dominicanos
_965
650 0 _aLiteratura dominicana.
_967
650 4 _aLiteratura hispanoamericana
_xHistoria y crítica
_96273
910 _aValidado. Control de calidad EMS
999 _c14378
_d14378